Central Library OPAC University of Rajshahi

রবীন্দ্রচেতনায় নটরাজ / (Record no. 41327)

MARC details
000 -LEADER
fixed length control field 00807nam a2200229 a 4500
001 - CONTROL NUMBER
control field 41327
003 - CONTROL NUMBER IDENTIFIER
rucl marc code BD-RjUL
005 - DATE AND TIME OF LATEST TRANSACTION
control field 20211209053351.0
008 - FIXED-LENGTH DATA ELEMENTS--GENERAL INFORMATION
fixed length control field 160529s2001 ii ||||| |||| 00| 0 ben d
020 ## - INTERNATIONAL STANDARD BOOK NUMBER
Terms of availability : IRs 150.00
035 ## - SYSTEM CONTROL NUMBER
System control number (BD-RjUL)41444
040 ## - CATALOGING SOURCE
Original cataloging agency BD-RjUL
Language of cataloging ben
Transcribing agency BD-RjUL
041 ## - LANGUAGE CODE
Language code of text/sound track or separate title ben
082 ## - DEWEY DECIMAL CLASSIFICATION NUMBER
Edition number 23
Classification number 294.5
Author mark and year PAR 2001
100 ## - MAIN ENTRY--PERSONAL NAME
Personal name পাল, নিমাইচন্দ্র
9 (RLIN) 126918
245 10 - TITLE STATEMENT
Title রবীন্দ্রচেতনায় নটরাজ /
Statement of responsibility, etc. নিমাইচন্দ্র পাল
260 ## - PUBLICATION, DISTRIBUTION, ETC. (IMPRINT)
Place of publication, distribution, etc. কলকাতা :
Name of publisher, distributor, etc. রত্নাবলী,
Date of publication, distribution, etc. ২০০১
300 ## - PHYSICAL DESCRIPTION
Pagination [১০], ৩২৮ পৃ. ;
Size ২১ সেমি.
650 ## - SUBJECT ADDED ENTRY--TOPICAL TERM
Topical term or geographic name as entry element হিন্দুত্ত্ববাদ
9 (RLIN) 121504
Topical term or geographic name as entry element Hinduism
9 (RLIN) 127107
942 ## - ADDED ENTRY ELEMENTS (KOHA)
Source of classification or shelving scheme Dewey Decimal Classification
Koha item type Books
Holdings
Lost status Source of classification or shelving scheme Damaged status Not for loan Collection code Permanent Location Current Location Shelving location Date acquired Source of acquisition Cost, normal purchase price Total Checkouts Full call number Date last seen Copy number Koha item type
  Dewey Decimal Classification     Non-fiction Central Library, University of Rajshahi Central Library, University of Rajshahi   02/06/2007 Dhaka : Paragon Enterprise 150.00   B 294.5 PAR 2001 29/05/2016 C-2 Books
  Dewey Decimal Classification   Not For Loan Non-fiction Central Library, University of Rajshahi Central Library, University of Rajshahi Reading Room 03/06/2007 Paragon Enterprises Dhaka 150.00   B 294.5 PAR 2001 05/12/2016 C-1 Books